Statistics for Every NBA All-Star Game MVP Award

Click here to take the quiz!

General Stats

  • This quiz has been taken 41 times
    (4 since last reset)
  • The average score is 46 of 73

Answer Stats

YearPlayer% Correct
1982Larry Bird
100%
2004 | Co - 2000 | Co - 2009Shaquille O'Neal
100%
2012 | 2019Kevin Durant
100%
1972Jerry West
100%
1961 | 1964 | 1969Oscar Robertson
100%
1990 | 1992Magic Johnson
100%
1963Bill Russell
100%
1960Wilt Chamberlain
100%
1988 | 1996 | 1998Michael Jordan
100%
2002 | 2007 | 2011 | Co - 2009Kobe Bryant
100%
2006 | 2008 | 2018LeBron James
100%
2015 | 2016Russell Westbrook
100%
2010Dwyane Wade
75%
Co - 1959Elgin Baylor
75%
2017Anthony Davis
75%
1991Charles Barkley
75%
1953George Mikan
75%
Co - 1993John Stockton
75%
1989 | Co - 1993Karl Malone
75%
1994Scottie Pippen
75%
1954 | 1957Bob Cousy
75%
Co - 2000Tim Duncan
75%
1966Adrian Smith
50%
1967Rick Barry
50%
1970Willis Reed
50%
1978Randy Smith
50%
1973Dave Cowens
50%
2020Kawhi Leonard
50%
1980George Gervin
50%
2014Kyrie Irving
50%
2013Chris Paul
50%
2001 | 2005Allen Iverson
50%
2003Kevin Garnett
50%
1977 | 1983Julius Erving
50%
1979David Thompson
25%
1956 | 1958 | 1962 | Co - 1959Bob Pettit
25%
1997Glen Rice
25%
1965Jerry Lucas
25%
1987Tom Chambers
25%
1968Hal Greer
25%
1984 | 1986Isiah Thomas
25%
1971Lenny Wilkens
25%
1981Tiny Archibald
25%
1975Walt Frazier
25%
1976Dave Bing
25%
1995Mitch Richmond
0%
1985Ralph Sampson
0%
1974Bob Lanier
0%
1955Bill Sharman
0%
1952Paul Arizin
0%
1951Ed Macauley
0%

Score Distribution

Percentile by Number Answered

Percent of People with Each Score

Your Score History

You have not taken this quiz since the last reset